Tractatus logico-philosophicus
Saved in:
| Hovedforfatter: | |
|---|---|
| Format: | Bog |
| Sprog: | engelsk |
| Udgivet: |
Londres
Routledge & Kegan Paul
1922
|
| Serier: | International Library of Philosophy and Scientific Method
|
| Fag: | |
| Tags: |
Tilføj Tag
Ingen Tags, Vær først til at tagge denne postø!
|
MARC
| LEADER | 00000nam a2200000 a 4500 | ||
|---|---|---|---|
| 001 | UCZ3259 | ||
| 003 | CL-VaPUC | ||
| 005 | 20230929095322.0 | ||
| 008 | 951020e19220000UK |||||||||||||||||eng|d | ||
| 999 | |c 239750 |d 239748 | ||
| 040 | |c Pontificia Universidad Católica de Valparaíso | ||
| 082 | 0 | 4 | |a 149.94 |b WIT |2 21 |
| 100 | 0 | |a Wittgenstein, Ludwig |e author |9 257080 | |
| 245 | 1 | 0 | |a Tractatus logico-philosophicus |
| 260 | |a Londres |b Routledge & Kegan Paul |c 1922 | ||
| 300 | |a 166 p | ||
| 490 | 0 | |a International Library of Philosophy and Scientific Method | |
| 583 | |a last modification |c 19951020 00:00:00 |k Rodrigo Vera | ||
| 600 | 0 | |9 472472 |a Wittgenstein, Ludwig, |d 1889-1951 |x Filosofía austriaca | |
| 650 | 0 | |a Filosofía del lenguaje |9 223554 |x Aspectos matemáticos | |
| 650 | 0 | |a Lenguaje y lenguas |9 265846 |x Proposiciones y aforismos |x Lógica matemática | |
| 942 | |c BK |2 ddc | ||
| 945 | |d 19951020 00:00:00 |a cmena | ||
| 952 | |0 0 |1 0 |4 0 |6 149_940000000000000_WIT_1922 |7 0 |8 P |9 251129 |a BIBEDU |b BIBEDU |c BIBEDU_PB |d 2019-11-18 |i 1584812 |l 2 |m 3 |o 149.94 WIT 1922 |p 1584812 |r 2024-01-25 |s 2023-06-28 |w 2019-11-18 |y BK |k FIL | ||